Негативно оценочные лексемы языка советской действительности. Обозначение лиц

Bibliographische Detailangaben
1. Verfasser: Червинский П. П. Петр
Zusammenfassung:Словарь содержит довольно развернутую характеристику около 400 единиц, содержащих, помимо обозначения и называния, негативно оценочную доминанту определения человека, с позиции вида его несоответствия советской системе. Тех единиц, которые представляют собой явления и оценки в реалиях и мотивах не так далекого, но все же прошлого, а потому забываемого, вытесняемого, а для кого-то и мало или совсем не знакомого. Язык и система, их породившие, будучи отчасти искусственными, довольно своеобразным и специфическим образом оказывались связанными с создаваемой ими реальной, советской, действительностью, понять и представить которую, видимо, все же необходимо для самых разных задач, не в последнюю, если не в первую, очередь, для исследовательских и дидактических. Предлагаемый словарный материал предваряется теоретической частью, смысл которой был в том, чтобы показать механизмы советизированной негативной семантики, в ее категориях и парадигмах. Книга может быть интересна не только как методологическое и дидактическое пособие, но и как источник все более забываемых и уходящих знаний о том недавнем еще, с исторической перспективы, социальном, психологическом и политическом эксперименте, который воплотил себя в коллективном сознании и действительности, прежде всего, своим языком.
Sprache:Russisch
Veröffentlicht: Томск, Изд-во КИТ, 2011
Schlagworte:
Format: MixedMaterials Buch
KOHA link:https://koha.lib.tpu.ru/cgi-bin/koha/opac-detail.pl?biblionumber=219177

MARC

LEADER 00000n m0a2200000 4500
001 219177
005 20231101230236.0
010 |a 5873071004 
035 |a (RuTPU)RU\TPU\book\239216 
090 |a 219177 
100 |a 20120703d2011 km y0rusy50 ca 
101 0 |a rus 
102 |a RU 
105 |a y e 001zy 
200 1 |a Негативно оценочные лексемы языка советской действительности. Обозначение лиц  |f П. П. Червинский 
210 |a Томск  |c Изд-во КИТ  |d 2011 
215 |a 341 с. 
320 |a Список терминов: с. 337-340. 
320 |a Рекомендуемая литература: с. 63-67. 
330 |a Словарь содержит довольно развернутую характеристику около 400 единиц, содержащих, помимо обозначения и называния, негативно оценочную доминанту определения человека, с позиции вида его несоответствия советской системе. Тех единиц, которые представляют собой явления и оценки в реалиях и мотивах не так далекого, но все же прошлого, а потому забываемого, вытесняемого, а для кого-то и мало или совсем не знакомого. Язык и система, их породившие, будучи отчасти искусственными, довольно своеобразным и специфическим образом оказывались связанными с создаваемой ими реальной, советской, действительностью, понять и представить которую, видимо, все же необходимо для самых разных задач, не в последнюю, если не в первую, очередь, для исследовательских и дидактических. Предлагаемый словарный материал предваряется теоретической частью, смысл которой был в том, чтобы показать механизмы советизированной негативной семантики, в ее категориях и парадигмах. Книга может быть интересна не только как методологическое и дидактическое пособие, но и как источник все более забываемых и уходящих знаний о том недавнем еще, с исторической перспективы, социальном, психологическом и политическом эксперименте, который воплотил себя в коллективном сознании и действительности, прежде всего, своим языком. 
606 1 |a Русский язык  |x Лексикология  |2 stltpush  |3 (RuTPU)RU\TPU\subj\26389  |9 50329 
610 1 |a лексика 
610 1 |a лексикология 
610 1 |a лексическая информация 
610 1 |a лексическая семантика 
610 1 |a лексические значения 
610 1 |a оценочные категории 
610 1 |a советское общество 
610 1 |a негативная доминанта 
610 1 |a словари 
610 1 |a терминологические словари 
686 |a Ш141.2-3  |v LBC/SL-A  |2 rubbk 
700 1 |a Червинский  |b П. П.  |g Петр 
801 1 |a RU  |b 63413507  |c 20120703 
801 2 |a RU  |b 63413507  |c 20120807  |g RCR 
942 |c BK